Представление документа в формате RUSMARC

ПолеНазваниеЗначение
  Тип записи a
  Библиографический уровень m
001 Контрольный номер 04d5d8b44e5e4868b6c0226c19aea31d
005 Дата корректировки 20230707133311.4
010 Индекс ISBN __
a ISBN 978-5-04-103555-6
d Цена 266-05
100 Данные общей обработки __
a Данные общей обработки 20200324d2019####m##y0rusy50######ca
101 Язык документа 0_
a Язык текста rus
102 Страна публикации __
a Страна публикации RU
200 Заглавие и сведения об ответственности 1_
a Заглавие Одежда ныряльщика лежит пуста
d Параллельное заглавие The diver's clothes lie empty
f Первые сведения об ответственности Вендела Вида
g Последующие сведения об ответственности перевод с английского М. Нуянзиной
z Язык параллельного заглавия eng
210 Выходные данные 1_
a Место издания Москва
c Издательство Эксмо
d Дата издания 2019
215 Физическое описание __
a Объем 286 с.
300 Общие примечания __
a Общие примечания Доп. тит. л. англ.
333 Примечание о целевом назначении __
a Примечание о целевом назначении 16+
606 Тематические рубрики __
a Основная рубрика Художественная литература
606 Тематические рубрики __
a Основная рубрика Литература Европы (произведения)
610 Ключевые слова 0_
a Ключевые слова английская литература
a Ключевые слова романы
686 Индексы других классификаций __
a Индекс ББК 84(4Вел)6-4
700 Автор _1
a Фамилия Вида
b Имя В.
g Полное личное имя Вендела
702 Вторичная интеллектуальная ответственность _1
a Фамилия Нуянзина
b Имя М.
g Полное личное имя Мария
801 Источник записи _0
a Страна RU
b Организация Центральная районная библиотека им. Г. А. Пирожникова
c Дата составления 2020.03.24
g Правила каталогизации bzbo
801 Источник записи _1
a Страна RU
b Организация Центральная районная библиотека им. Г. А. Пирожникова
c Дата составления 2020.03.24
g Правила каталогизации PSBO
852 Данные о местонахождении __
j Шифр хранения 84(4Вел)6
i Авторский знак В 42
901 Тип документа __
t Тип документа m
902 Роль лиц __
a Создатель БЗ ОКиО/Шумских